Meg Ryan Movies - Statistics

General Stats
  • This quiz has been taken 19 times
  • The average score is 4 of 10
Answer Stats
Release Year Costars Movie % Correct
1993 Tom Hanks, Rita Wilson Sleepless in Seattle
94%
1998 Tom Hanks, Dave Chappelle You've Got Mail
94%
1986 Tom Cruise, Val Kilmer Top Gun
71%
1989 Tom Hanks, Carrie Fisher When Harry Met Sally
71%
1990 Tom Hanks, Ossie Davis Joe Versus the Volcano
35%
1997 John Cusack, Christopher Lloyd Anastasia
24%
1991 Val Kilmer, Kevin Dillon The Doors
18%
1998 Sean Penn, Kevin Spacey Hurlyburly
6%
2015 Sam Shepard, Jack Quaid Ithaca
6%
1996 Denzel Washington, Matt Damon Courage Under Fore
0%
No matching quizzes found
Score Distribution
Percent of People with Each Score
Percentile by Number Answered
Your Score History
You have not taken this quiz